| 000 | 00000nam 2200000za 4500 |
| 001 | 9.661470 |
| 003 | CaOODSP |
| 005 | 20210913142335 |
| 007 | ta |
| 008 | 150407s2000 oncd f000 0 fre d |
| 020 | |a0-662-64629-0 |
| 040 | |aCaOODSP|bfre |
| 041 | |aeng |
| 041 | |afre |
| 043 | |an-cn--- |
| 086 | 1 |aC2-467/2000 |
| 110 | 1 |aCanada. |bConseil consultatif des sciences et de la technologie. |
| 245 | 10|aViser plus haut: compétences et esprit d'entreprise dans l'économie du savoir / |
| 260 | |aOttawa - Ontario : |bIndustrie Canada. |c2000. |
| 300 | |aTexte français, x, 88p. : |bfigures, graphiques, références ; |c28 cm. + |ela version sur CD-ROM. |
| 500 | |aDisponible aussi sur CD-ROM (C2-467/2000-MRC). |
| 590 | |a00-19|b2000-05-12 |
| 691 | 07|aÉconomie du savoir|2gcpds |
| 691 | 07|aMain-d'oeuvre|2gcpds |
| 691 | 07|aMarché du travail|2gcpds |
| 691 | 07|aIndustrie|2gcpds |
| 776 | 0#|tViser plus haut : |w(CaOODSP)9.639299 |
| 776 | 0#|tStepping up : |w(CaOODSP)9.695155 |
| 791 | |tStepping up: skills and opportunities in the knowledge economy / |eeng|w(CaOODSP)9.661469 |
| 986 | |a52955B |